Statistics for Names of modern countries found in the Bible

Click here to take the quiz!

General Stats

  • This quiz has been taken 83 times
  • The average score is 14 of 22

Answer Stats

HintAnswer% Correct
Actual country, mentioned 646 times from Genesis to RevelationEgypt
99%
String found in 1 Kings 2:39, as the last part of a person's name and the next wordIran
96%
Actual country, mentioned 2,319 times in 47 different books of the Bible (although often as a person's name)Israel
96%
Actual country, mentioned five times in the New Testament (first in Acts 18:2)Italy
93%
Actual country, mentioned twice (Zechariah 9:13 and Acts 20:2)Greece
91%
River mentioned 129 times in the Bible, first in Genesis 13:10Jordan
91%
Actual country, mentioned 64 times in the Old Testament (first in Deuteronomy 1:7)Lebanon
91%
Actual country, mentioned 129 times from Genesis to Galatians; in Luke 2:2, for exampleSyria
91%
Actual country, mentioned five times, first in Jeremiah 46:29 and last in Acts 2:10Libya
84%
Actual country, mentioned twice (Esther 1:1 and 8:9)India
80%
Actual country, mentioned twice (Romans 15:24 and 15:28)Spain
75%
Actual country mentioned 38 times, first in Genesis 2:13, last in Acts 8:27Ethiopia
74%
Actual country, mentioned 8 times in the New Testament, first in Acts 4:36Cyprus
70%
Two whole words found together 13 times, first in Joshua 6:3, last in Acts 19:35Yemen
70%
Actual country, mentioned twice (in 2 Kings 19:37 and Isaiah 37:38)Armenia
64%
Two whole words found together 9 times, first in 2 Kings 1:11, last in 1 Timothy 6:11Oman
62%
String found within a person's name, most often in the Book of Daniel - beginning with the first verseChad
29%
String found as the last part of a word together with the next word, found six times, first in Genesis 2:11Ireland
23%
String of letters found in longer words, including a person's name in Numbers 1:10 and Acts 5:34Mali
23%
String found within a person's name in Nehemiah 10:13Benin
16%
Two whole words found together 163 times, first in Genesis 11:31, last in Hebrews 11:8Togo
14%
String found within a person's name in Ezra 2:55Peru
10%

Score Distribution

Percentile by Number Answered

Percent of People with Each Score

Your Score History

You have not taken this quiz